Joueurs français passés par la Juventus Turin - Statistiques

Statistiques générales
  • Ce quiz a été pris 731 fois
    165 depuis la dernière actualisation
  • Le résultat moyen est 12 sur 27
Statistiques - réponses
Années Matchs Nom % Correct
1996-2001 212 Zinédine Zidane
94%
2012-2016, 2022-2024 190 Paul Pogba
93%
2024- 47 Khéphren Thuram
90%
2001-2006 204 Lilian Thuram
90%
2000-2010 320 David Trézéguet
88%
2019-2024 212 Adrien Rabiot
84%
1994-1999 178 Didier Deschamps
84%
1982-1987 223 Michel Platini
81%
1999 20 Thierry Henry
70%
2017-2020 133 Blaise Matuidi
67%
2014-2017 82 Patrice Evra
64%
2024- 39 Pierre Kalulu
55%
2025 19 Randal Kolo Muani
52%
2005-2006 42 Patrick Vieira
48%
2014-2015 22 Kingsley Coman
45%
2013 3 Nicolas Anelka
45%
2004-2010 117 Jonathan Zébina
30%
2006-2008 36 Jean-Alain Boumsong
17%
2022-2023 6 Marley Aké
8%
2004-2005 19 Olivier Kapo
8%
1998-1999 21 Jocelyn Blanchard
5%
1964-1965 38 Nestor Combin
5%
2002-2003 0 Aboubacar Fofana
2%
2001-2006 0 Landry Bonnefoi
2%
2000-2002 2 Vincent Péricard
2%
2002-2006 0 Abdoulay Konko
0%
2013 0 Prince Gouano
0%
Aucun quiz correspondant
Distribution des résultats
% des personnes avec chaque résultat
Percentile par nombre de réponses
Votre historique - résultats
Vous n’avez pas pris ce quiz depuis la dernière actualisation